| 000 | 01608nam0a22004691 4500 | ||
|---|---|---|---|
| 001 | RU\NLR\A1SV\36578 | ||
| 005 | 20251203171251.9 | ||
| 035 | _a(NLR Aleph) 009719051 | ||
| 090 |
_a9866171 _c9866171 |
||
| 100 | _a20010903d1924 u y0rusy50 ca | ||
| 101 | 1 |
_arus _cfre |
|
| 102 | _aRU | ||
| 200 | 1 |
_aВ дебрях кинематографа _fЛуи Деллюк. Louis Delluc _gПер. [с фр.] Е.Тараховской _gРед. [и предисл.] А.Эфроса |
|
| 210 |
_aМ. _aЛ. _cГос. изд. _d1924 |
||
| 215 |
_a158, [1] с. _d18 см |
||
| 225 | _aВсемир. лит. | ||
| 300 | _aНа шмуцтит. также загл. ориг.: La jungle du cinéma | ||
| 300 | _aНа обл. изд-во: Всемир. лит. Гос. изд. | ||
| 300 | _aНа обл. сер.: Новости иностр. лит. | ||
| 620 | _dМосква | ||
| 620 | _dСанкт-Петербург | ||
| 700 | 1 |
_aДеллюк _bЛ. _f1885-1924 _gЛуи _4070 |
|
| 702 | 1 |
_aТараховская _bЕ. Я. _f1895-1968 _gЕлизавета Яковлевна _4070 |
|
| 702 | 1 |
_aЭфрос _bА. М. _f1888-1954 _gАбрам Маркович _3RU\NLR\AUTH\7711148 _4070 |
|
| 801 | 0 |
_aRU _bNLR _c20010903 |
|
| 852 |
_aNLR _j17.139.6.32 |
||
| 852 |
_aNLR _jЛ 60 В-3/410 |
||
| 899 | _aИОНБ | ||
| 899 | _aБАН | ||
| 899 | _aГПИБ | ||
| 899 | _aНБУВ | ||
| 899 | _aРГБ | ||
| 899 | _aРКП | ||
| 899 | _aКирОУНБ | ||
| 899 | _aРГБИ | ||
| 899 | _aNLG | ||
| 899 | _aСамОУНБ | ||
| 899 | _aМГУ | ||
| 942 | _cBOOK | ||
| 980 | _aNB | ||
| 980 | _aA1SV | ||